|
|
|
|
| LEADER |
01230nam a2200277 4500 |
| 001 |
32996 |
| 003 |
BD-DhAAL |
| 005 |
20250626094632.0 |
| 008 |
180322s2016 bg a||| ||||f00| 0 eng d |
| 020 |
|
|
|a 9789843417954
|
| 040 |
|
|
|a BD-DhAAL
|d BD-DhAAL
|
| 082 |
|
|
|a 332.1095492
|2 21
|
| 245 |
|
|
|a Banking almanac :
|b banks and financial institutions of Bangladesh 2016 /
|c project director, Abdar Rahman ; executive editors, Syed Ziauddin Ahmed and Mohammad Emdadul Haque.
|
| 250 |
|
|
|a First edition.
|
| 260 |
|
|
|a The Project of Disaster Management and Social Responsibility Fund of Bangladesh Bank :
|b The ShikkhaBichitra ,
|c 2016.
|
| 300 |
|
|
|a xxv, 486 pages :
|b illustrations ;
|c 24 cm.
|
| 526 |
|
|
|a AAL
|
| 541 |
|
|
|a Complementary copy
|e 32996
|
| 650 |
|
|
|a Banks and banking
|z Bangladesh.
|9 25227
|
| 700 |
|
|
|a Rahman, Abdar.
|9 25228
|
| 700 |
|
|
|a Ahmed, Syed Ziauddin.
|9 25232
|
| 700 |
|
|
|a Haque, Mohammad Emdadul.
|9 25230
|
| 852 |
|
|
|a Ayesha Abed Library
|c General Shelf.
|
| 942 |
|
|
|2 ddc
|c BK
|
| 999 |
|
|
|c 39163
|d 39163
|
| 952 |
|
|
|0 0
|1 0
|2 ddc
|4 0
|6 332_109549200000000_BAN
|7 0
|9 62990
|a BRACUL
|b BRACUL
|c GEN
|d 2018-03-22
|e Complementary copy from Shaleuddin Ahmed
|g 1000.00
|l 0
|o 332.1095492 BAN
|p 3010032996
|r 2018-03-22
|t 1
|v 1000.00
|w 2018-03-22
|y BK
|